01295nam a2200313Ia 4500001001200000003000800012006001900020007001500039008004100054010001700095020001500112040002100127035002100148050002400169082001700193100002500210245013000235260005600365300001400421500008000435533015200515650003700667650004200704650004400746655002900790700001900819710001700838856012600855ebr10038679CaPaEBRm u cr cn|||||||||011115s2000 dcu s 000 0 eng d z 2001277457 z0309072565 aCaPaEBRcCaPaEBR a(OCoLC)61465728814aR858.A2bP66 2000eb04a610/.2852211 aPool, Robert,d1955-10aBioinformaticsh[electronic resource] :bconverting data to knowledge :a workshop summary /cby Robert Pool and Joan Esnayra. aWashington, D.C. :bNational Academy Press,cc2000. axi, 41 p. a"Board on Biology, Commission on Life Sciences, National Research Council." aElectronic reproduction.bPalo Alto, Calif. :cebrary,d2009.nAvailable via World Wide Web.nAccess may be limited to ebrary affiliated libraries. 0aMedical informaticsvCongresses. 0aBiotechnology industriesvCongresses. 0aElectronic data processingvCongresses. 7aElectronic books.2local1 aEsnayra, Joan.2 aebrary, Inc.40uhttp://site.ebrary.com/lib/rucke/Doc?id=10038679zAn electronic book accessible through the World Wide Web; click to view